Natural language processing for online applications: text retrieval, extraction and categorization

Saved in:
Bibliographic Details
Main Authors: Jackson, Peter Eric (Author), Moulinier, Isabelle (Author)
Format: Book
Language:English
Published: Amsterdam John Benjamins 2002
Series:Natural Language Processing, 5
Subjects:
Tags: Add Tag
No Tags, Be the first to tag this record!

MARC

LEADER 00000nam a2200000 a 4500
001 UCL3512
003 CL-VaPUC
008 031128e20020000NE |||||||||||||||||eng|d
020 |a 902724989X 
082 0 4 |a 006.35  |b JAC  |2 21 
100 |a Jackson, Peter Eric  |e author  |9 480818 
700 0 |a Moulinier, Isabelle  |e author  |9 480819 
245 1 0 |a Natural language processing for online applications: text retrieval, extraction and categorization 
300 |a 225 p 
942 |c BK 
945 |d 20031128 00:00:00  |a cmena 
260 |a Amsterdam  |b John Benjamins  |c 2002 
650 0 |a Lenguajes de programación   |9 259458 
650 0 |a Lenguaje natural   |9 421363 
650 0 |a Semántica  |9 265318 
650 7 |a INTELIGENCIA ARTIFICIAL  |2 CL-VaPUC  |9 480820 
583 |a last modification  |c 20031128 00:00:00  |k Rodrigo Vera 
490 0 |a Natural Language Processing, 5 
999 |c 306544  |d 306542 
952 |0 0  |1 0  |4 0  |6 006_350000000000000_JAC_2002  |7 0  |8 A  |9 371600  |a FDOPOS  |b FDOPOS  |d 2019-11-21  |i 3968847  |o 006.35 JAC 2002  |p 3968847  |r 2025-01-22  |w 2019-11-21  |y BK  |k MLA 
952 |0 0  |1 0  |4 0  |6 006_350000000000000_JAC_2002  |7 0  |8 A  |9 371601  |a FDOPOS  |b FDOPOS  |d 2019-11-21  |i 4089839  |o 006.35 JAC 2002  |p 4089839  |r 2025-01-22  |w 2019-11-21  |y BK  |k MLA